Normal view
MARC view
Entry Personal Name
001 - CONTROL NUMBER
- control field: 288
003 - CONTROL NUMBER IDENTIFIER
- control field: OSt
005 - DATE AND TIME OF LATEST TRANSACTION
- control field: 20110408111601.0
008 - FIXED-LENGTH DATA ELEMENTS
- fixed length control field: 110408|||a|||||| | ||| d
040 ## - CATALOGING SOURCE
- Original cataloging agency: OSt
- Transcribing agency: OSt
100 ## - HEADING--PERSONAL NAME
- Personal name: Vesey-Fitzgerald, Seymour Gonne,
- Dates associated with a name: 1884-
670 ## - SOURCE DATA FOUND
- Source citation: Work cat.: (OSt)110: Vesey-Fitzgerald, Seymour Gonne, 1884-, Muhammadan law :, 1931.
